000 00539nam a2200193Ia 4500
005 20250508152346.0
008 008 250505s9999 xx 000 0 eng d
037 _aTextual
040 _aFEDL
_beng
_cFEDL
041 _aeng
_2eng
084 _a371.2, MAR
_qFEDL
100 _aMarshall J
245 0 _aChairmanship : And meeting procedure
260 _aLondon, UK
_bEdward Arnold Publishers Ltd
_c1957
300 _a153p.
650 _aSchool Administration
942 _cTEXL
_h371.2, MAR
999 _c1335907
_d1335907